00377 a2200157 4500003000400000005001700004008004100021020001800062040000900080082002000089100002100109245003100130250001200161260003600173300001000209OSt20231208095326.0231206b |||||||| |||| 00| 0 eng d a9788194013822 coclc a894.8121bRUM/M aRumi, Jalaluddin aMaznavi /cJalaluddin Rumi a1st ed. aCoimbatore:bNityanjali,c2022. a666p.